عوامی شاعر اوراس کا فن ;; awami shaar oras ka fan / (Record no. 85833)
[ view plain ]
| 000 -LEADER | |
|---|---|
| fixed length control field | 00546naa a2200181 a 4500 |
| 001 - CONTROL NUMBER | |
| control field | 85833 |
| 003 - CONTROL NUMBER IDENTIFIER | |
| rucl marc code | BD-RjUL |
| 005 - DATE AND TIME OF LATEST TRANSACTION | |
| control field | 20251012113142.0 |
| 008 - FIXED-LENGTH DATA ELEMENTS--GENERAL INFORMATION | |
| fixed length control field | 251012s1959 pk ||||| |||| 00| 0 ur d |
| 035 ## - SYSTEM CONTROL NUMBER | |
| System control number | (BD-RjUL) 85833 |
| 040 ## - CATALOGING SOURCE | |
| Original cataloging agency | BD-RjUL |
| Language of cataloging | eng |
| Transcribing agency | BD-RjUL |
| 041 ## - LANGUAGE CODE | |
| Language code of text/sound track or separate title | urd |
| 082 ## - DEWEY DECIMAL CLASSIFICATION NUMBER | |
| Edition number | 23 |
| Classification number | 891.43909 |
| Author mark and year | HAA 1959 |
| 100 ## - MAIN ENTRY--PERSONAL NAME | |
| Personal name | حارس، سجاد ;; Haris, Sajjad |
| 9 (RLIN) | 17140 |
| 245 ## - TITLE STATEMENT | |
| Title | عوامی شاعر اوراس کا فن ;; awami shaar oras ka fan / |
| Statement of responsibility, etc. | سجاد حارس ;; Sajjad Haris |
| 650 ## - SUBJECT ADDED ENTRY--TOPICAL TERM | |
| Topical term or geographic name as entry element | Urdu Literature |
| 942 ## - ADDED ENTRY ELEMENTS (KOHA) | |
| Source of classification or shelving scheme | Dewey Decimal Classification |
| Koha item type | Books |
| Lost status | Source of classification or shelving scheme | Damaged status | Not for loan | Collection code | Permanent Location | Current Location | Shelving location | Date acquired | Source of acquisition | Cost, normal purchase price | Total Checkouts | Full call number | Date last seen | Copy number | Koha item type |
|---|---|---|---|---|---|---|---|---|---|---|---|---|---|---|---|
| Dewey Decimal Classification | Not For Loan | Non-fiction | Central Library, University of Rajshahi | Central Library, University of Rajshahi | Reading Room | 03/10/1967 | Sh. Mubarak ali | 4.00 | U 891.43909 HAA 1959 | 12/10/2025 | C-1 | Books |